Senderos de vida (Record no. 115073)

MARC details
000 -LEADER
campo de control de longitud fija 00853nam a2200241 i 4500
001 - NÚMERO DE CONTROL
campo de control 115073
003 - IDENTIFICADOR DE NÚMERO DE CONTROL
campo de control ES-MaACL
005 - FECHA Y HORA DE LA ÚLTIMA TRANSACCIÓN
campo de control 20251204133816.0
007 - CAMPO FIJO DE DESCRIPCIÓN FÍSICA--INFORMACIÓN GENERAL
campo de control de longitud fija t|
008 - DATOS DE LONGITUD FIJA--INFORMACIÓN GENERAL
campo de control de longitud fija 070221s1908 sp a |||| | spa d
100 1# - ENTRADA PRINCIPAL--NOMBRE DE PERSONA
Nombre de persona Burgos, Carmen de,
Fechas asociadas al nombre 1867-1932
9 (RLIN) 32646
245 10 - MENCIÓN DEL TÍTULO
Título Senderos de vida
Resto del título : novela /
Mención de responsabilidad, etc. de Carmen de Burgos Seguí (Colombine) ; ilustraciones de Posada.
260 ## - PUBLICACIÓN, DISTRIBUCIÓN, ETC.
Lugar de publicación, distribución, etc. Madrid :
Nombre del editor, distribuidor, etc. El Cuento Semanal,
Fecha de publicación, distribución, etc. 1908.
300 ## - DESCRIPCIÓN FÍSICA
Extensión 20 p. :
Otras características físicas il. ;
Dimensiones 26 cm.
490 1# - MENCIÓN DE SERIE
Mención de serie El Cuento Semanal ;
Designación de volumen o secuencia 81
530 ## - NOTA DISPONIBLE DE FORMULARIO FÍSICO ADICIONAL
Nota de formato físico adicional disponible Disponible en formato digital.
700 1# - ENTRADA AGREGADA--NOMBRE PERSONAL
Nombre de persona Posada
Títulos y otros términos asociados al nombre , ilustrador.
9 (RLIN) 93330
830 03 - PUNTO DE ACCESO ADICIONAL DE SERIE-TÍTULO UNIFORME
Título uniforme El cuento semanal
Designación de volumen o secuencia 81
9 (RLIN) 185957
852 ## - LOCALIZACIÓN
Ubicación ES-MaACL
Número de control de estantería G-4442(3)
Ubicación en estantería Depósito 2
856 4# - LOCALIZACIÓN Y ACCESO ELECTRÓNICOS
Identificador Uniforme de Recursos <a href="https://bnedigital.bne.es/bd/es/viewer?id=c3bfe8ad-0a3c-4286-9aca-c5ea3966099e">https://bnedigital.bne.es/bd/es/viewer?id=c3bfe8ad-0a3c-4286-9aca-c5ea3966099e</a>
Texto de enlace (Biblioteca Digital Hispánica)
942 ## - ELEMENTOS DE ENTRADA SECUNDARIOS (KOHA)
Fuente del sistema de clasificación o colocación Clasificación decimal universal
Holdings
Estatus retirado Estado de pérdida Estado de daño No para préstamo Colección Biblioteca de origen Biblioteca actual Ubicación en estantería Fecha de adquisición Fuente de adquisición Total de préstamos Signatura topográfica completa Código de barras Visto por última vez Precio de reemplazo Tipo de ítem Koha
        Colección digital Biblioteca del Ateneo de Madrid Biblioteca del Ateneo de Madrid Depósito 2 17/01/2008     G-4442(3) 1119994 23/02/2023 23/02/2023 Libro impreso